Guess The JJK Characters By DE! - Statistics

General Stats
  • This quiz has been taken 587 times
  • The average score is 8 of 12
Answer Stats
Hint Answer % Correct
Unlimited Void Satoru Gojo
100%
Malevolent Shrine Ryomen Sukuna
98%
Self-Embodiment Of Perfection Mahito
95%
Coffin Of The Iron Mountain Jogo
85%
Idle Death Gamble Kinji Hakari
82%
Chimera Shadow Garden Megumi Fushiguro
77%
Authentic Mutual Love Yuta Okkotsu
56%
Horizon Of The Captivating Skandha Dagon
48%
Womb Profusion Kenjaku
46%
Time Cell Moon Palace Naoya Zenin
43%
Threefold Affliction Yorozu
25%
Deadly Sentencing Higurama
8%
No matching quizzes found
Score Distribution
Percent of People with Each Score
Percentile by Number Answered
Your Score History
You have not taken this quiz